| 000 | 00502nam a2200157 i 4500 | ||
|---|---|---|---|
| 001 | 21211 | ||
| 003 | ES-MaACL | ||
| 005 | 20230906152435.0 | ||
| 007 | t| | ||
| 008 | 021122s1949 sp ||||1| spa d | ||
| 100 | 1 |
_aAgra Cadarso, Joaquín María de. _918581 |
|
| 245 | 1 | 0 |
_aLengua española _b: síntesis gramatical : ejercicios y lecturas / _cJoaquín María de Agra Cadarso. |
| 260 |
_aMadrid : _b[s.n.], _c1949 ( _fImp. Estades) |
||
| 300 |
_a490 p. ; _c21 cm. |
||
| 852 |
_aES-MaACL _jD-6987 _bR.28950 |
||
| 999 |
_c21211 _d21211 |
||